Grupy eliminacji Mistrzostw Świata 2022. (EUROPA) - Statystyki

Ogólne statystyki
  • Ten quiz został rozwiązany 397 razy
  • Średni wynik to 46 z 55
Statystyki odpowiedzi
Grupa Drużyna % Poprawnych
I Polska
98%
A Portugalia
95%
B Hiszpania
94%
I Anglia
93%
J Niemcy
92%
I San Marino
92%
H Słowacja
92%
B Szwecja
92%
G Holandia
91%
H Rosja
91%
H Słowenia
91%
E Belgia
90%
D Francja
90%
D Ukraina
90%
I Andora
89%
E Czechy
89%
F Dania
89%
A Irlandia
89%
G Norwegia
89%
H Chorwacja
88%
C Szwajcaria
88%
I Węgry
88%
I Albania
87%
D Finlandia
87%
C Litwa
87%
G Łotwa
87%
C Włochy
87%
B Grecja
86%
E Białoruś
85%
E Estonia
85%
A Serbia
85%
F Austria
84%
A Luksemburg
84%
G Turcja
84%
F Szkocja
83%
E Walia
83%
J Islandia
82%
J Liechtenstein
82%
J Rumunia
82%
J Macedonia Północna
81%
C Bułgaria
80%
B Kosowo
80%
F Mołdawia
80%
D Bośnia i Hercegowina
79%
G Czarnogóra
79%
H Malta
77%
C Irlandia Północna
75%
H Cypr
73%
B Gruzja
73%
J Armenia
71%
D Kazachstan
68%
A Azerbejdżan
66%
G Gibraltar
60%
F Izrael
60%
F Wyspy Owcze
60%
Nie znaleziono quizów pasujących do podanych kryteriów
Rozkład punktacji
Procent ludzi z każdym wynikiem
Percentyl według liczby udzielonych odpowiedzi
Twoja historia wyników
Nie rozwiązałeś tego quizu